Central Library OPAC University of Rajshahi

Types and problems of philosophy. (Record no. 44987)

MARC details
000 -LEADER
fixed length control field 00831nam a2200313I 4500
001 - CONTROL NUMBER
control field 44987
003 - CONTROL NUMBER IDENTIFIER
rucl marc code BD-RJUL
005 - DATE AND TIME OF LATEST TRANSACTION
control field 20211209053938.0
008 - FIXED-LENGTH DATA ELEMENTS--GENERAL INFORMATION
fixed length control field 160721s1959 xx 000 0 eng u
035 ## - SYSTEM CONTROL NUMBER
System control number MITb10483777
System control number (OCoLC)01030708
System control number BD-RJUL 45105
040 ## - CATALOGING SOURCE
Transcribing agency CSU
Modifying agency RCD
Original cataloging agency BD-RjUL
Language of cataloging eng
041 ## - LANGUAGE CODE
Language code of text/sound track or separate title eng
082 ## - DEWEY DECIMAL CLASSIFICATION NUMBER
Edition number 23
Classification number 100
Author mark and year MET 1959
090 ## - LOCALLY ASSIGNED LC-TYPE CALL NUMBER (OCLC); LOCAL CALL NUMBER (OCLC)
Classification number (OCLC) (R) ; Classification number, CALL (RLIN) (NR) BD21
Local cutter number (OCLC) ; Book number/undivided call number, CALL (RLIN) .M479 1959
099 ## - LOCAL FREE-TEXT CALL NUMBER (OCLC)
Bangla Class number BD21.M479 1959
100 1# - MAIN ENTRY--PERSONAL NAME
Personal name Mead, Hunter.
9 (RLIN) 137866
245 10 - TITLE STATEMENT
Title Types and problems of philosophy.
Statement of responsibility, etc. Hunter Mead
250 ## - EDITION STATEMENT
Edition statement 3d ed.
260 ## - PUBLICATION, DISTRIBUTION, ETC. (IMPRINT)
Place of publication, distribution, etc. New York :
Name of publisher, distributor, etc. Holt,
Date of publication, distribution, etc. [1959]
300 ## - PHYSICAL DESCRIPTION
Pagination 460 p. ;
Size 24 cm.
490 1# - SERIES STATEMENT
Series statement Holt-Dryden book
650 #0 - SUBJECT ADDED ENTRY--TOPICAL TERM
Topical term or geographic name as entry element Philosophy.
9 (RLIN) 137867
830 #0 - SERIES ADDED ENTRY--UNIFORM TITLE
Uniform title Holt-Dryden book.
942 ## - ADDED ENTRY ELEMENTS (KOHA)
Source of classification or shelving scheme Dewey Decimal Classification
Koha item type Books
949 ## - LOCAL PROCESSING INFORMATION (OCLC)
a MYGH
b 39080005300717
Holdings
Lost status Source of classification or shelving scheme Damaged status Not for loan Collection code Permanent Location Current Location Shelving location Date acquired Source of acquisition Cost, normal purchase price Total Checkouts Full call number Date last seen Copy number Koha item type
  Dewey Decimal Classification     Non-fiction Central Library, University of Rajshahi Central Library, University of Rajshahi   04/09/1970 Zeithlinger 85.00   100 MET 1959 21/07/2016 C-2 Books